| Tag |
First Indicator |
Second Indicator |
Subfields |
| LEADER |
00000cam a2200000Ki 4500 |
| 001 |
in00003965570 |
| 006 |
m o d |
| 007 |
cr cnu---unuuu |
| 008 |
171118s2017 enka ob 001 0 eng d |
| 005 |
20250816212526.6 |
| 020 |
|
|
|a 9781137360199
|q electronic book
|
| 020 |
|
|
|a 1137360194
|q electronic book
|
| 024 |
8 |
|
|a 99974839962
|
| 035 |
|
|
|a (NhCcYBP)ebc5143311
|
| 040 |
|
|
|a NhCcYBP
|c NhCcYBP
|d UtOrBLW
|
| 050 |
|
4 |
|a HG4650
|b .K54 2017
|
| 072 |
|
7 |
|a BUS
|x 027000
|2 bisacsh
|
| 082 |
0 |
4 |
|a 332.63/2044
|2 23
|
| 100 |
1 |
|
|a Kienitz, Joerg,
|e author.
|0 http://id.loc.gov/authorities/names/n2009036319
|
| 245 |
1 |
0 |
|a Interest rate derivatives explained.
|n Volume 2,
|p Term structure and volatility modelling /
|c Jörg Kienitz, Peter Caspers.
|
| 246 |
3 |
0 |
|a Term structure and volatility modelling
|
| 264 |
|
1 |
|a London, United Kingdom :
|b Palgrave Macmillan UK,
|c [2017]
|
| 300 |
|
|
|a 1 online resource.
|
| 336 |
|
|
|a text
|b txt
|2 rdacontent
|
| 337 |
|
|
|a computer
|b c
|2 rdamedia
|
| 338 |
|
|
|a online resource
|b cr
|2 rdacarrier
|
| 490 |
1 |
|
|a Financial engineering explained
|
| 504 |
|
|
|a Includes bibliographical references and index.
|
| 588 |
|
|
|a Description based on online resource; title from digital title page (viewed on December 18, 2017).
|
| 500 |
|
|
|a Electronic resource.
|
| 650 |
|
0 |
|a Derivative securities.
|0 http://id.loc.gov/authorities/subjects/sh93005704
|
| 650 |
|
0 |
|a Interest rates.
|0 http://id.loc.gov/authorities/subjects/sh85067247
|
| 655 |
|
7 |
|a Electronic books.
|2 local
|
| 700 |
1 |
|
|a Caspers, Peter,
|e author.
|0 http://id.loc.gov/authorities/names/n95011651
|
| 710 |
2 |
|
|a ProQuest (Firm)
|0 http://id.loc.gov/authorities/names/n2007068018
|
| 776 |
1 |
8 |
|i Print version:
|a Kienitz, Jörg
|t Interest Rate Derivatives Explained: Volume 2
|d London : Palgrave Macmillan UK,c2017
|z 9781137360182
|
| 830 |
|
0 |
|a Financial engineering explained.
|0 http://id.loc.gov/authorities/names/no2014131351
|
| 856 |
4 |
0 |
|u https://ebookcentral.proquest.com/lib/tamucs/detail.action?docID=5143311
|y Connect to the full text of this electronic book
|t 0
|
| 955 |
|
|
|a YBP purchased firm e-records
|
| 980 |
|
|
|b 59.98
|g 1
|
| 987 |
|
|
|a ybp14977226
|
| 999 |
f |
f |
|s 1bc83818-d14b-3792-8d1b-ef059244d74a
|i 8bd2aedf-3b2d-3483-bec4-1e91ac79b967
|t 0
|
| 952 |
f |
f |
|a Texas A&M University
|b College Station
|c Electronic Resources
|d Available Online
|t 0
|e HG4650 .K54 2017
|h Library of Congress classification
|
| 998 |
f |
f |
|a HG4650 .K54 2017
|t 0
|l Available Online
|